| 000 | nam a22 7a 4500 | ||
|---|---|---|---|
| 999 |
_c24359 _d24359 |
||
| 008 | 170128b xxu||||| |||| 00| 0 eng d | ||
| 050 | _aND1170 .L64 1962 | ||
| 100 | _aRosten,Leo | ||
| 245 |
_aThe story behind the painting / _cLeo Rosten |
||
| 260 |
_aNew York : _b Cowles Magazines & Book trade distribution by Doubleday, Garden City, N.Y. _c[1962] |
||
| 300 |
_a165p. : _bill. ; _c34cm. |
||
| 500 | _aincludes index. | ||
| 650 | _a Painting. | ||
| 942 |
_2lcc _cBOOKS _hND1170 .L64 1962 |
||